ბათუმის შოთა რუსთაველის სახელმწიფო უნივერსიტეტის ბიბლიოთეკა

Water-regulating and soil-protective function of mountain forests of Ajara and the Technology for Creating of industrial plantations / (ბიბ.ჩანაწერი № 63013)

000 -LEADER
fixed length control field 01105nam a22002057a 4500
005 - DATE AND TIME OF LATEST TRANSACTION
control field 20250502173325.0
008 - FIXED-LENGTH DATA ELEMENTS--GENERAL INFORMATION
fixed length control field 250502s2025 ge ||||| |||| 00| 0 eng d
020 ## - INTERNATIONAL STANDARD BOOK NUMBER
International Standard Book Number 9789941874840
041 ## - LANGUAGE CODE
Language code of text/sound track or separate title eng
080 ## - UNIVERSAL DECIMAL CLASSIFICATION NUMBER
Universal Decimal Classification number 581 : 630 P-23
100 ## - MAIN ENTRY--PERSONAL NAME
Personal name Papunidze, Vano
9 (RLIN) 25006
245 ## - TITLE STATEMENT
Title Water-regulating and soil-protective function of mountain forests of Ajara and the Technology for Creating of industrial plantations /
Statement of responsibility, etc. Vano Papunidze; editor Chagelishvili Revaz; editor of English text Siradze Tamar.
264 ## - PRODUCTION, PUBLICATION, DISTRIBUTION, MANUFACTURE, AND COPYRIGHT NOTICE
Place of production, publication, distribution, manufacture Tbilisi,
Date of production, publication, distribution, manufacture, or copyright notice 2025.
300 ## - PHYSICAL DESCRIPTION
Extent 164 p. :
Other physical details fig., tab. ;
Dimensions 24 cm.
522 ## - GEOGRAPHIC COVERAGE NOTE
Geographic coverage note ბიბლიოგრაფია: გვ. 149-163.
653 ## - INDEX TERM--UNCONTROLLED
keyword აჭარის მთის ტყეების წყალმარეგულირებელი და ნიადაგდამცავი ფუნქცია
700 ## - ADDED ENTRY--PERSONAL NAME
Personal name ჩაგელიშვილი, რევაზ
Relator term რედაქტორი
9 (RLIN) 8290
700 ## - ADDED ENTRY--PERSONAL NAME
Personal name სირაძე, თამარ,
Relator term ინგლ. ტექსტის რედაქტორი.
9 (RLIN) 25007
942 ## - ADDED ENTRY ELEMENTS (KOHA)
Source of classification or shelving scheme
Koha item type წიგნი
ეგზემპლარები
Withdrawn status Lost status Source of classification or shelving scheme Damaged status Not for loan Permanent Location Current Location Shelving location Date acquired Cost, normal purchase price Full call number Barcode Date last seen Copy number Uniform Resource Identifier Price effective from Koha item type Public note
          აგრარული და მემბრანული ტექნოლოგიების ინსტიტუტის ბიბლიოთეკა აგრარული და მემბრანული ტექნოლოგიების ინსტიტუტის ბიბლიოთეკა წიგნსაცავი 2025-05-02 8.00 581 : 630 P-23 71316 2025-05-02 71316 ნაჩუქარი 2025-05-02 წიგნი 8 ლ.